Bankový a podnikový sektor a hrozba ďalšej bubliny finančného sektora
Finančný sektor musí obsahovať integráciu všetkých segmentov (zadlženosti krajín, zadlženosti obyvateľstva, zadlženosti podnikov a reálneho stavu portfólia bánk). Až v takomto prípade možno reálne prijímať opatrenia, ktoré by mohli fungovať a mohli by sanovať finančný sektor.
Enregistré dans:
| Auteur principal: | |
|---|---|
| Format: | Chapitre de livre |
| Langue: | slovaque |
| Sujets: | |
| Tags: |
Pas de tags, Soyez le premier à ajouter un tag!
|
MARC
| LEADER | 00000nla a2200000 4500 | ||
|---|---|---|---|
| 001 | 0200667 | ||
| 005 | 20240502073407.7 | ||
| 041 | 0 | |a slo | |
| 044 | |a SK | ||
| 245 | 1 | 0 | |a Bankový a podnikový sektor a hrozba ďalšej bubliny finančného sektora |c Pavlína Ivanová |
| 520 | |a Finančný sektor musí obsahovať integráciu všetkých segmentov (zadlženosti krajín, zadlženosti obyvateľstva, zadlženosti podnikov a reálneho stavu portfólia bánk). Až v takomto prípade možno reálne prijímať opatrenia, ktoré by mohli fungovať a mohli by sanovať finančný sektor. | ||
| 610 | 2 | 0 | |a bubliny finančné |
| 610 | 2 | 0 | |a bankovníctvo |
| 610 | 2 | 0 | |a kríza finančná |
| 610 | 2 | 0 | |a investície kapitálové |
| 610 | 2 | 0 | |a hedging |
| 610 | 2 | 0 | |a obchody burzové |
| 610 | 2 | 0 | |a deriváty |
| 610 | 2 | 0 | |a podnik |
| 100 | 1 | |a Ivanová, Pavlína | |